000 00263 a2200085 4500
020 _a 9780008360115
100 _aMichał Gaszyński and Collins Books
245 _aWorld Wonders: Discover the secrets of our planet’s iconic structures
260 _b‎ Collins
_c2019
999 _c13694
_d13694